000 00386nam a2200133Ia 4500
008 151001s9999||||xx |||||||||||||| ||und||
100 _aकेशव दत्ता
245 _aरात्र थोडी सोंगे फार
250 _a1
260 _bमॅजेस्टीक प्रकाशन मुंबई
260 _c1973
300 _a85
365 _b18
999 _c955674
_d955671